UEFA Champions League Clubs 2020/21 - Statistics

General Stats
  • This quiz has been taken 32 times
  • The average score is 24 of 32
Answer Stats
Country Answer % Correct
A (Germany) Bayern Munich
100%
B (Spain) Real Madrid
100%
G (Spain) FC Barcelona
97%
D (England) Liverpool
97%
C (England) Manchester City
97%
H (England) Manchester United
97%
A (Spain) Atletico Madrid
94%
F (Germany) Borussia Dortmund
94%
H (Spain) Paris Saint-Germain
94%
D (Netherlands) Ajax
90%
B (Italy) Inter Milan
90%
G (Italy) Juventus
90%
E (England) Chelsea
87%
C (Portugal) FC Porto
87%
F (Italy) Lazio
81%
A (Russia) Lokomotiv Moscow
81%
C (France) Marseille
81%
H (Germany) RB Leipzig
81%
E (Spain) Sevilla
81%
A (Austria) RB Salzburg
77%
F (Russia) Zenit Saint Petersburg
77%
C (Greece) Olympiacos
74%
D (Italy) Atalanta
71%
F (Belgium) Club Brugge
65%
B (Ukraine) Shakhtar Donetsk
58%
H (Turkey) Istanbul Basaksehir
52%
B (Germany) Borussia Monchengladbach
48%
G (Ukraine) Dynamo Kyiv
48%
G (Hungary) Ferencvaros
45%
E (France) Rennes
42%
E (Russia) FC Krasnodar
39%
D (Denmark) Midtjylland
26%
No matching quizzes found
Score Distribution
Percent of People with Each Score
Percentile by Number Answered
Your Score History
You have not taken this quiz